Biblioteca

Carta abierta a Marcos Witt (Registro nro. 52302)

Detalles MARC
000 -LÍDER
Campo fijo de descripción fija 00919aab a2200205 i 4500
001 - NÚMERO DE CONTROL
Campo de control 768714001
003 - IDENTIFICADOR DEL NÚMERO DE CONTROL
Campo de control CO-MdFUSB
005 - FECHA Y HORA DE LA ULTIMA TRANSACCIÓN
control field 20240423103220.0
008 - ELEMENTOS DE LONGITUD FIJA -- INFORMACIÓN GENERAL
Campo fijo de descripción fija -- Información general 240423t1998 ag ||||| |||| 00| 0 spa d
040 ## - FUENTE DE CATALOGACIÓN
Idioma de catalogación spa
Agencia que realiza la transcripción CO-MdFUSB
041 ## - CÓDIGO DE IDIOMA
Código de idioma para texto/pista de sonido o título separado spa
100 1# - ASIENTO PRINCIPAL--NOMBRE PERSONAL
Nombre personal Peralta, Antonio
Término relacionador autor
245 ## - TÍTULO
Título Carta abierta a Marcos Witt
Mención de responsabilidad / Antonio Peralta
300 ## - DESCRIPCIÓN FÍSICA
Extensión Volumen 17, número 2 (abril - julio, 1998), páginas: 30 - 31
Dimensiones ; 27 cm
520 ## - NOTA DE RESUMEN, ETC.
Nota de sumario, etc. En esta carta el autor (misionero latinoamericano que vive en un país musulmán) hace algunas reflexiones sobre la música cristiana, además de que promueve el sano y generalizado celo entre las iglesias evangélicas por lo autóctono de cada culturas.
650 #7 - ASIENTO SECUNDARIO DE MATERIA - TERMINO TEMÁTICO
Término temático o nombre geográfico como elemento de entrada Cristianismo y cultura
9 (RLIN) 6959
653 ## - TÉRMINO DE INDIZACIÓN - NO CONTROLADO
Término no controlado Música cristiana
773 0# - ASIENTO DE ITEM FUENTE
Título Iglesia y Misión
Biblionumber 49402
Itemnumber 59634
Parte(s) relacionada(s) / Volumen., número. (mes año), páginas Volumen 17, número 2 (abril - julio, 1998), páginas: 30 - 31
Enumeración y primera página página: 30
942 ## - TIPO DE MATERIAL (KOHA)
Tipo de Item KOHA Artículos de Revista

No hay ítems disponibles.

Biblioteca FUSBC | Teléfono: (57+4) 349 88 10 Ext. 141| WhatsApp (+57) 3005338115 
E-mail: biblioteca@unisbc.edu.co | Calle 76 87-14 Robledo Palenque, Medellín, Colombia

Con tecnología Koha